000 00494nam a2200181Ia 4500
003 OSt
005 20260116094918.0
008 210210b1938 xxu||||| |||| 00| 0 eng d
040 _cAL
041 _aKannada
082 _a859/873
100 _aNANJUNDA SHASTRI (M)
_9145128
_dನಂಜುಂಡ ಶಾಸ್ತ್ರಿ (ಮ)
245 _aNayaka mani
_b ನಾಯಕ ಮಣಿ
260 _aBengaluru
_b-
_c1938
690 _aKannada Fiction
_9145129
906 _a021633
942 _2ddc
_cBK
999 _c145729
_d145729